000 01284nam0a22002891 4500
001 rc\2311115
005 20110829142204.3
035 _a(NLR Aleph) 006574325
090 _a6978691
_c6978691
100 _a20110829d1977 |||y0rusy50 ca
101 0 _arus
102 _aRU
105 _aa z |||||
200 1 _aБиостратиграфическая характеристика юрских и меловых нефтегазоносных отложений Западной Сибири
_e[Сб. статей]
_fПод ред. к. г.-м. н. Ю.В. Брадучана
210 _aТюмень
_cЗапСибНИГНИ
_d1977
215 _a133 с., 9 л. табл.
_d22
225 1 _aТруды
_fЗап.-Сиб. н.-и. геол.-развед. нефт. ин-т
_vВып. 119
300 _aВ надзаг. также: М-во геологии РСФСР. Гл. Тюмен. произв. геол. упр. "Главтюменьгеология"
320 _aБиблиогр. в конце статей
702 1 _aБрадучан
_bЮ. В.
_gЮрий Владимирович
_4340
801 0 _aRU
_bNLR
_gpsbo
801 1 _aRU
_bELAR
_2rusmarc
852 _aNLR
_jП7/1049
899 _aRuMoRGB
_jXXIV 239/59
899 _aRuMoRGB
_jXXIV 239/60
942 _cBOOK
980 _aNB